| 000 | 00903nam a2200253 i 4500 | ||
|---|---|---|---|
| 001 | bg | ||
| 100 | 1 | _aMOELLER, Therald | |
| 245 | 1 | 0 |
_aChemia nieorganiczna dla zaawansowanych / _cTherald Moeller ; tł. [z ang.] Zygmunt Łada, Irena Majcherowa, Krzysztof Radziwiłł. |
| 246 |
_iTyt. oryg.: _aInorganic chemistry an advanced textbook |
||
| 260 |
_aWarszawa : _bPaństw. Wydawnictwa Techniczne, _c1959. |
||
| 300 |
_a862 s., [1]k.tabl. : _bil. ; _c24 cm. |
||
| 500 | _aTyt. oryg.: "Inorganic chemistry an advanced textbook", 1957. | ||
| 504 | _aBibliogr. przy rozdz. | ||
| 650 | 9 | _aChemia nieorganiczna | |
| 655 | _aPodręczniki akademickie | ||
| 700 | 1 |
_aŁADA, Zygmunt. _eTł. |
|
| 700 | 1 |
_aMAJCHEROWA, Irena. _eTł. |
|
| 700 | 1 |
_aRADZIWIŁŁ, Krzysztof. _eTł. |
|
| 040 | _cBPK | ||
| 041 | 1 |
_apol _heng |
|
| 080 | _a546(075.8) | ||
| 942 | _cKS | ||
| 008 | s pl f |000 0 pol | ||
| 999 |
_c43595 _d43595 |
||
| 856 |
_uhttp://koha.tu.koszalin.pl/cgi-bin/koha/opac-detail.pl?biblionumber=43595 _yKatalog online BPK |
||